| 000 | 00463nam a22001217a 4500 | ||
|---|---|---|---|
| 999 |
_c6738 _d6738 |
||
| 008 | 200324b ||||| |||| 00| 0 eng d | ||
| 100 | _aUnited Republic of Tanzania | ||
| 245 |
_aAssessment Report of the Current Tanzania Statistical System _bJune 2007 _cUnited Republic of Tanzania _hEnglish |
||
| 260 |
_aTanzania _bNational Bureau of Statistics Ministry of Finance and Economic Affairs _c2007 |
||
| 300 |
_a30p _c30 |
||
| 650 | _2Statistics | ||
| 942 |
_2ddc _cBOOKS |
||